| 000 | 00434nam a22001697a 4500 | ||
|---|---|---|---|
| 005 | 20160430114038.0 | ||
| 008 | 160430b xxu||||| |||| 00| 0 eng d | ||
| 020 | _a978-818209-245-7 | ||
| 041 | _aeng | ||
| 082 | _b1041 | ||
| 100 |
_aLeon Alexis Lean Mathews _9329 |
||
| 245 | _aFundamentals of Information Technology | ||
| 260 |
_bVikas Publishing house Pvt. Ltd. _c2009 |
||
| 300 | _a577 | ||
| 650 |
_aManagement _9241 |
||
| 942 | _cBK | ||
| 999 |
_c378 _d378 |
||